000 00818nam a2200253 i 4500
001 bg
100 1 _aGORCZYCKA, Ewa
245 1 0 _aMłodzież akademicka wobec Unii Europejskiej /
_cEwa Gorczycka ; Politechnika Częstochowska.
250 _aWyd. 2 popr. i uzup.
260 _aCzęstochowa :
_bWydawnictwa PC,
_c2004.
300 _a163, [1] s. :
_bfot., tab. ;
_c24 cm.
504 _aBibliogr. s. 157-162.
610 2 9 _aUnia Europejska
_xsocjologia
650 9 _aStudenci
_xsocjologia
_zPolska
_yod 1989 r.
710 0 _aPolitechnika Częstochowska
015 _aPB 19413/2004
020 _a8371932359
040 _cBPK
041 0 _apol
080 _a316.64-057.875(438)"1989/...":[339.923:061.1A/Z](4-67)"1989/..."
920 _a83-7193-235-9
942 _cKS
008 s pl f |000 0 pol
999 _c46871
_d46871
856 _uhttp://koha.tu.koszalin.pl/cgi-bin/koha/opac-detail.pl?biblionumber=46871
_yKatalog online BPK